000 00421cam a2200181ua 4500
020 _c2.00
041 _aeng
_h
082 _a823.308
_bHEY/KO
100 _aHeyerdahl, Thor .
245 _aKon-tiki expedition /
_cThor Heyerdahl.
_hTextual Documents
250 _a1 /
_b.
260 _aLondon :
_bLongman ,
_c1964.
300 _a146 ; .
365 _a2.00
504 _a
942 _cBK
999 _c7810
_d7810